<?xml version="1.0" encoding="UTF-8"?>
<marc:record xmlns:marc="http://www.loc.gov/MARC21/slim">
   <marc:leader>00000nam a2200000 a 4500</marc:leader>
   <marc:datafield ind1="1" ind2=" " tag="100">
      <marc:subfield code="a">Mellors, Coco</marc:subfield>
      <marc:subfield code="4">aut</marc:subfield>
      <marc:subfield code="e">Verfasser/-in</marc:subfield>
   </marc:datafield>
   <marc:datafield ind1=" " ind2=" " tag="653">
      <marc:subfield code="a">Roman in englischer Sprache</marc:subfield>
   </marc:datafield>
   <marc:datafield ind1=" " ind2=" " tag="653">
      <marc:subfield code="a">Englische Belletristik</marc:subfield>
   </marc:datafield>
   <marc:datafield ind1="0" ind2="0" tag="245">
      <marc:subfield code="a">Blue Sisters</marc:subfield>
   </marc:datafield>
   <marc:datafield ind1="0" ind2="0" tag="245">
      <marc:subfield code="c">Mellors, Coco</marc:subfield>
   </marc:datafield>
   <marc:datafield ind1=" " ind2="1" tag="264">
      <marc:subfield code="a">London</marc:subfield>
      <marc:subfield code="b">Harper Collins</marc:subfield>
      <marc:subfield code="c">2024</marc:subfield>
   </marc:datafield>
   <marc:datafield ind1="1" ind2=" " tag="520">
      <marc:subfield code="a">The Blue sisters have always been exceptional - and exceptionally different. Avery, a strait-laced lawyer living in London, is the typical eldest daughter, though she's hiding a secret that could undo her perfect life forever. Bonnie was a boxer but, following a devastating defeat, she's been working as a bouncer in LA - until a reckless act one night threatens to drive her out of the city. And Lucky, the rebellious youngest, is a model in Paris whose hard-partying ways are finally catching up with her.&#xD;
&#xD;
Then there was Nicky, the beloved fourth sister, whose unexpected death left Avery, Bonnie and Lucky reeling. When, a year later, the three of them must reunite in New York to stop the sale of their childhood home, they find that it's only by returning to each other that they can navigate their grief, addiction and heartbreak and learn to fall in love with life again.</marc:subfield>
   </marc:datafield>
   <marc:datafield ind1=" " ind2=" " tag="020">
      <marc:subfield code="a">9780008623036</marc:subfield>
      <marc:subfield code="9">9780008623036</marc:subfield>
   </marc:datafield>
   <marc:datafield ind1=" " ind2=" " tag="041">
      <marc:subfield code="a">eng</marc:subfield>
   </marc:datafield>
   <marc:datafield ind1=" " ind2=" " tag="338">
      <marc:subfield code="a">Band</marc:subfield>
   </marc:datafield>
   <marc:datafield ind1=" " ind2=" " tag="300">
      <marc:subfield code="a">342 Seiten</marc:subfield>
   </marc:datafield>
</marc:record>
